02085nam a2200241 a 4500008004100000020001800041041000800059092001600067100002600083245004700109250001100156260004000167300002200207500008900229505080000318590005101118655001701169942001301186999001501199952021001214952021001424952020901634161215e2013 ag ||||g |||| 00| f spa d a9789500744539 aspa c863l3sALL1 aAllende, Isabel932103 aEl bosque de los pigmeos /cIsabel Allende a1a ed. aBuenos Aires:bSudamericana;c2013. a224 p.c19x13 cm. aAllende, I. (2004). El bosque de los pigmeos. (1a ed.). Buenos Aires : Sudamericana. aNadia, Alexander y su abuela Kate, a quien le han encargado un gran reportaje, viajan al corazón de África. Su encuentro con el hermano Fernando, un misionero que está buscando a dos compañeros desaparecidos, marca el comiendo de esta nueva aventura la selva tropical africana, donde la caza clandestina del elefante y otros animales salvajes atrae a mercenarios sin escrúpulos. Los malvados son ahora los jefes de la Hermandad del Leopardo: el comandando Mbembelé, el brujo Sombe y el rey Kosongo, que ha esclavizado a la tribu de los pigmeos. Los protagonistas, empujados por la curiosidad primero y la solidaridad después, entrarán en contacto con la cultura de los pigmeos, a los que, con la ayuda del espíritu de la reina Nana-Asante, lograrán liberar de la esclavitud.  aProyecto 4to libro. Donación Adriana Navarro aNovela93091 2ddccLIT c2376d2376 00102ddc40708FICaBFMbBFMcCRd2017-03-02eDonacion Adriana Navarro, Marzo 2017l6m6o863 3 ALLp3833r2025-09-02s2025-07-28tEj.1w2017-03-02yLITzProyecto el 4to libro. Donación Navarro Adriana 00102ddc4070aBFMbBFMcCRd2019-05-31eDonación Cabanne, Julia. Mayo 2019l2o863 3 ALLp4428r2020-03-09s2019-12-18tEj. 2w2019-05-31yLITzProyecto 4to libro. Donación Cabanne, Julia. Mayo 2019 00102ddc4070aBFMbBFMcCRd2025-09-22eDonación Guerra, Valeria. Septiembre 2025.l0o808 3 ALLp5111r2025-09-22tEj. 3w2025-09-22yLITzDonación Guerra, Valeria. Septiembre 2025. Sede Tordos.f